000 00562nam a2200205 i 4500
001 67894
003 ES-MaACL
005 20260525062927.0
007 t|
008 040216s1981 sp ||||1| spa d
100 1 _aGallegos, Rómulo.
_953598
245 1 0 _aSobre la misma tierra /
_cRómulo Gallegos.
250 _a10a ed.
260 _aMadrid :
_bEspasa-Calpe,
_c[1981]
300 _a207 p. ;
_c18 cm.
490 1 _aColección austral ;
_v425
830 0 _aColección austral
_v425
_9177655
852 _aES-MaACL
_jA-11008
_bR.102190
999 _c67894
_d67894